000
00261nam a2200109Ia 4500
008
201224s9999 xx 000 0 und d
100
_a
Basu, Durga Das
245
0
_a
Comparative Constitutional Law
260
_a
Delhi
_b
Prentice Hall
300
_a
528
942
_c
BK
999
_c
8656
_d
8656